World Cities and Urban Form : (Record no. 12126)
[ view plain ]
| 000 -LEADER | |
|---|---|
| fixed length control field | 03972cam a22003738a 4500 |
| 001 - CONTROL NUMBER | |
| control field | 15152308 |
| 005 - DATE AND TIME OF LATEST TRANSACTION | |
| control field | 20080215172654.0 |
| 008 - FIXED-LENGTH DATA ELEMENTS--GENERAL INFORMATION | |
| fixed length control field | 080124s2008 nyu b 001 0 eng |
| 010 ## - LIBRARY OF CONGRESS CONTROL NUMBER | |
| LC control number | 2008003042 |
| 020 ## - INTERNATIONAL STANDARD BOOK NUMBER | |
| International Standard Book Number | 9780415451840 (hbk : alk. paper) |
| 020 ## - INTERNATIONAL STANDARD BOOK NUMBER | |
| International Standard Book Number | 9780415451864 (pbk : alk. paper) |
| 020 ## - INTERNATIONAL STANDARD BOOK NUMBER | |
| International Standard Book Number | 0415451841 (hbk : alk. paper) |
| 020 ## - INTERNATIONAL STANDARD BOOK NUMBER | |
| International Standard Book Number | 0415451868 (pbk : alk. paper) |
| 040 ## - CATALOGING SOURCE | |
| Original cataloging agency | DLC |
| Transcribing agency | DLC |
| Modifying agency | DLC |
| 050 00 - LIBRARY OF CONGRESS CALL NUMBER | |
| Classification number | HT166 |
| Item number | .W676 2008 |
| 082 00 - DEWEY DECIMAL CLASSIFICATION NUMBER | |
| Classification number | 307.1216 |
| Edition number | 22 |
| Item number | WOR |
| 245 00 - TITLE STATEMENT | |
| Title | World Cities and Urban Form : |
| Remainder of title | Fragmented, Polycentric, Sustainable? / |
| Statement of responsibility, etc | edited by Mike Jenks, Daniel Kozak and Pattaranan Takkanon. |
| 260 ## - PUBLICATION, DISTRIBUTION, ETC. (IMPRINT) | |
| Place of publication, distribution, etc | New York : |
| Name of publisher, distributor, etc | Routledge, |
| Date of publication, distribution, etc | c2008. |
| 263 ## - PROJECTED PUBLICATION DATE | |
| Projected publication date | 0805 |
| 300 ## - PHYSICAL DESCRIPTION | |
| Extent | ix, 373 p. : |
| Other physical details | ill., maps ; |
| Dimensions | 26 cm. |
| 504 ## - BIBLIOGRAPHY, ETC. NOTE | |
| Bibliography, etc | Includes bibliographical references and index. |
| 505 0# - FORMATTED CONTENTS NOTE | |
| Formatted contents note | Introduction : world cities and urban form / Mike Jenks, Daniel Kozak and Pattaranan Takkanon -- What is a "world class" city? : comparing conceptual specifications of cities in the context of a global urban network / Ben Derudder and Frank Witlox -- Globalisation and the forms of cities / Peter Marcuse -- The world city hypothesis revisited : export and import of urbanity is a dangerous business / Darko Radovic -- Sustainability and the "world class" city : what is being sustained and for who? / Judy Rogers -- Polycentrism and "defragmentation" : towards a more sustainable urban form? / Mike Jenks and Daniel Kozak -- Promoting sustainable urban form : implementing urban consolidation policies around the Helsinki metropolitan region / Olli Maijala and Rauno Sairinen -- Spatial disparities based on human and social capital / Natasa Urbancikova and Oto Hudec -- The model Barcelona : 1979-2004 and beyond / Jaume Carne and Aleksandar Ivancic -- Sustainable "world class" cities and glocal sprawl in Southeast Asian metropolitans / Sidh Sintusingha -- Quality of life and spatial urban forms of mega-city regions in Japan / Kiyonobu Kaido and Jeahyun Kwon -- Global integration, growth patterns and sustainable development : a case study of the peri-urban area of Shanghai / Jiaping Wu -- Taichung the waiting metropolis and its campaign towards a "world class" city : a case of glocollision, glocoalition or glocalisation? / Shih-wei Lo -- "World class" Vancouver : a terminal city re-imagined / May So -- Planning a "world class" city without zoning : the experience of Houston / Zhou Qian -- Aspects of urban fragmentation -- Assessing urban fragmentation : the emergence of new typologies in central Buenos Aires / Daniel Kozak -- Tracking sustainable urban forms and material flows in Singapore / Perry Pei-Ju Yang -- The right to the city : stakeholder perspectives of greater Cairo metropolitan communities / Wael Salah Fahmi -- "World class" living? / Nuttinee Karnchanaporn and Apradee Kasemsook -- Bangkok's struggle to achieve a successful transportation system / Wapen Charoentrakulpeeti and Willi Zimmerman -- To be or not to be a "world class" city? : poverty and urban form in Paris and Bucharest / Oana-Liliana Pavel -- Inner truth of the slums in mega cities : a scenario from India / Vijay Neekhra, Takashi Onishi and T. Kidokoro -- Conclusion : the form of cities to come? / Mike Jenks, Daniel Kozak and Pattaranana Takkanon. |
| 650 #0 - SUBJECT ADDED ENTRY--TOPICAL TERM | |
| Topical term or geographic name as entry element | City planning |
| Form subdivision | Case studies. |
| 9 (RLIN) | 7267 |
| 650 #0 - SUBJECT ADDED ENTRY--TOPICAL TERM | |
| Topical term or geographic name as entry element | Cities and towns |
| General subdivision | Growth |
| Form subdivision | Case studies. |
| 9 (RLIN) | 7268 |
| 650 #0 - SUBJECT ADDED ENTRY--TOPICAL TERM | |
| Topical term or geographic name as entry element | Metropolitan areas |
| Form subdivision | Case studies. |
| 9 (RLIN) | 7269 |
| 650 #0 - SUBJECT ADDED ENTRY--TOPICAL TERM | |
| Topical term or geographic name as entry element | Urban policy |
| Form subdivision | Case studies. |
| 9 (RLIN) | 7270 |
| 650 #0 - SUBJECT ADDED ENTRY--TOPICAL TERM | |
| Topical term or geographic name as entry element | Sustainable development |
| Form subdivision | Case studies. |
| 9 (RLIN) | 7271 |
| 700 1# - ADDED ENTRY--PERSONAL NAME | |
| Personal name | Jenks, M. |
| Fuller form of name | (Michael) |
| 9 (RLIN) | 7272 |
| 700 1# - ADDED ENTRY--PERSONAL NAME | |
| Personal name | Kozak, Daniel. |
| 9 (RLIN) | 7273 |
| 700 1# - ADDED ENTRY--PERSONAL NAME | |
| Personal name | Takkanon, Pattaranan. |
| 9 (RLIN) | 7274 |
| 942 ## - ADDED ENTRY ELEMENTS (KOHA) | |
| Source of classification or shelving scheme | Dewey Decimal Classification |
| Item type | Book - Borrowing |
| Withdrawn status | Item status | Source of classification or shelving scheme | Damaged status | Not for loan | Vendor | Home library | Current library | Shelving location | Date acquired | Source of acquisition | Cost, normal purchase price | Serial Enumeration / chronology | Total Checkouts | Full call number | Barcode | Date last seen | Date last borrowed | Koha item type |
|---|---|---|---|---|---|---|---|---|---|---|---|---|---|---|---|---|---|---|
| Dewey Decimal Classification | Alahram | Central Library | Central Library | First floor | 30/06/2009 | Purchase | 378.00 | 381 | 5 | 307.1216 WOR | 000016990 | 15/07/2025 | 03/12/2017 | Book - Borrowing |